000 00821nam a2200229 a 4500
001 BRCA_736
005 20190320203127.0
008 930814s1984 mx-#---##b---s000-0#spa-#
020 _a968816030X
040 _aDLC
_cDLC
050 4 _aF1386
_b.D57 4
_c1984
100 1 _aGonzález-Polo, Ignacio
_92420
245 1 0 _aReflexiones y apuntes sobre la Ciudad de México
_b(Fines de la colonia)
_cversión paleográfica, introducción y notas por Ignacio González-Polo.
260 _aMéxico
_bDepartamento del Distrito Federal
_c1984
300 _a155 p.
_c21 cm.
440 0 _aColección Distrito Federal
_v4
_92421
504 _aIncluye referencias bibliográficas
651 4 _aCiudad de México
_xVida social y costumbres
_92422
651 4 _aCiudad de México
_xHistoria
_9691
653 0 _aVida cotidiana
942 _2lcc
_cB
999 _c635
_d635